LEADER 02245nam 2200661Ia 450 001 9910454972803321 005 20200520144314.0 010 $a1-282-40883-6 010 $a9786612408830 010 $a0-313-05762-1 035 $a(CKB)1000000000807028 035 $a(OCoLC)648489331 035 $a(CaPaEBR)ebrary10349984 035 $a(SSID)ssj0000341362 035 $a(PQKBManifestationID)11265826 035 $a(PQKBTitleCode)TC0000341362 035 $a(PQKBWorkID)10390590 035 $a(PQKB)11499569 035 $a(MiAaPQ)EBC3001385 035 $a(Au-PeEL)EBL3001385 035 $a(CaPaEBR)ebr10349984 035 $a(CaONFJC)MIL240883 035 $a(OCoLC)748208261 035 $a(EXLCZ)991000000000807028 100 $a20021209d2003 uy 0 101 0 $aeng 135 $aurcn||||||||| 181 $ctxt 182 $cc 183 $acr 200 10$aPerforming opposition$b[electronic resource] $emodern theater and the scandalized audience /$fNeil Blackadder 210 $aWestport, Conn. $cPraeger$dc2003 215 $a1 online resource (248 p.) 300 $aBibliographic Level Mode of Issuance: Monograph 311 $a0-275-98056-1 320 $aIncludes bibliographical references (p. [213]-219) and index. 606 $aEuropean drama$y20th century$xHistory and criticism 606 $aEuropean drama$y19th century$xHistory and criticism 606 $aExperimental theater$zEurope$xHistory$y20th century 606 $aExperimental theater$zEurope$xHistory$y19th century 606 $aTheater audiences$zEurope$xHistory$y20th century 606 $aTheater audiences$zEurope$xHistory$y19th century 608 $aElectronic books. 615 0$aEuropean drama$xHistory and criticism. 615 0$aEuropean drama$xHistory and criticism. 615 0$aExperimental theater$xHistory 615 0$aExperimental theater$xHistory 615 0$aTheater audiences$xHistory 615 0$aTheater audiences$xHistory 676 $a809.2/04 700 $aBlackadder$b Neil Martin$f1963-$0859221 801 0$bMiAaPQ 801 1$bMiAaPQ 801 2$bMiAaPQ 906 $aBOOK 912 $a9910454972803321 996 $aPerforming opposition$91917637 997 $aUNINA LEADER 01160nam0 22002771i 450 001 UON00298914 005 20231205103955.23 010 $a27-453-1582-X 100 $a20070712d2007 |0itac50 ba 101 $afre 102 $aFR 105 $a|||| 1|||| 200 1 $aˆLa ‰langue du royaume de Méroé$eun panorama de la plus ancienne culture écrite d'Afrique subsaharienne$fClaude Rilly 210 $aParis$cLibrairie Honoré Champion$d2007 215 $ax, 617 p.$d23 cm 410 1$1001UON00034997$12001 $aBibliothèque de l'Ecole des Hautes Etudes. Section des Sciences historiques et philologiques$v344 606 $aLINGUISTICA MEROITICA$3UONC066815$2FI 620 $aFR$dParis$3UONL002984 700 1$aRILLY$bClaude$3UONV069335$0688433 712 $aChampion$3UONV248947$4650 801 $aIT$bSOL$c20240220$gRICA 899 $aSIBA - SISTEMA BIBLIOTECARIO DI ATENEO$2UONSI 912 $aUON00298914 950 $aSIBA - SISTEMA BIBLIOTECARIO DI ATENEO$dSI EG III e 048 $eSI AA 28745 5 048 996 $aLangue du royaume de Méroé$91380289 997 $aUNIOR